| 000 | 00878cam a2200229 4500 | ||
|---|---|---|---|
| 001 | 562 | ||
| 005 | 20181127161642.0 | ||
| 008 | 860314r19861966ilu b 000 0 eng | ||
| 010 | _a 86006273 | ||
| 020 | _a0882950258 (pbk.) | ||
| 043 | _an-us--- | ||
| 110 | 1 | _aUnited States. | |
| 245 | 1 | 4 |
_aThe Constitution of the United States and related documents / _cedited by Martin Shapiro. |
| 260 |
_aNorthbrook, IL : _bAHM Publishing, _c1973. |
||
| 300 |
_axxvi, 98 p. ; _c19 cm. |
||
| 504 | _aBibliography: p. 97-98. | ||
| 505 | 0 | _aThe Constitution of the United States -- Civil Rights Acts of 1957, 1960, 1964 -- Voting Rights Act of 1965 -- The Declaration of Independence -- The Articles of Confederation. | |
| 650 | 0 |
_aCivil rights _zUnited States. |
|
| 650 | 0 |
_aConstitutions _zUnited States. |
|
| 700 | 1 | _aShapiro, Martin M. | |
| 710 | 1 |
_aUnited States. _tConstitution. _f1986. |
|
| 999 |
_c425 _d425 |
||